Crítica literaria / (Record no. 132276)

MARC details
000 -LEADER
campo de control de longitud fija 00829nam a2200229 i 4500
001 - NÚMERO DE CONTROL
campo de control 132276
003 - IDENTIFICADOR DE NÚMERO DE CONTROL
campo de control ES-MaACL
005 - FECHA Y HORA DE LA ÚLTIMA TRANSACCIÓN
campo de control 20250919110501.0
007 - CAMPO FIJO DE DESCRIPCIÓN FÍSICA--INFORMACIÓN GENERAL
campo de control de longitud fija t|
008 - DATOS DE LONGITUD FIJA--INFORMACIÓN GENERAL
campo de control de longitud fija 070214s1976 sp r ||||1| spa d
245 00 - MENCIÓN DEL TÍTULO
Título Crítica literaria /
Mención de responsabilidad, etc. dirigida por Antonio Roldán Pérez ; preparada por Abraham Esteve Serrano [et. al.].
260 ## - PUBLICACIÓN, DISTRIBUCIÓN, ETC.
Lugar de publicación, distribución, etc. Madrid :
Nombre del editor, distribuidor, etc. Grefol,
Fecha de publicación, distribución, etc. 1976.
300 ## - DESCRIPCIÓN FÍSICA
Extensión 6 t. en 1 vol. ;
Dimensiones 30 cm.
500 ## - NOTA GENERAL
Nota general Precede al Tit : Universidad Nacional de Educación a Distancia.
650 ## - PUNTO DE ACCESO ADICIONAL DE MATERIA--TÉRMINO DE MATERIA
Término de materia o nombre geográfico como elemento de entrada Crítica literaria.
9 (RLIN) 11448
650 #4 - PUNTO DE ACCESO ADICIONAL DE MATERIA--TÉRMINO DE MATERIA
Término de materia o nombre geográfico como elemento de entrada Preceptiva literaria.
9 (RLIN) 150091
700 0# - ENTRADA AGREGADA--NOMBRE PERSONAL
Nombre de persona Roldán Pérez, Antonio,
Fechas asociadas al nombre 1934-
9 (RLIN) 99151
700 1# - ENTRADA AGREGADA--NOMBRE PERSONAL
Nombre de persona Esteve Serrano, Abraham.
9 (RLIN) 48150
710 2# - ENTRADA AGREGADA--NOMBRE DE ENTIDAD CORPORATIVA
Nombre de entidad corporativa o nombre de jurisdicción como elemento de entrada Universidad Nacional de Educación a Distancia (España)
9 (RLIN) 7405
852 ## - LOCALIZACIÓN
Ubicación ES-MaACL
Número de control de estantería L-7003
Sublocalización o colección R.107920
Holdings
Estatus retirado Estado de pérdida Estado de daño No para préstamo Biblioteca de origen Biblioteca actual Ubicación en estantería Fecha de adquisición Fuente de adquisición Total de préstamos Signatura topográfica completa Código de barras Visto por última vez Precio de reemplazo Tipo de ítem Koha
        Biblioteca del Ateneo de Madrid Biblioteca del Ateneo de Madrid Depósito 2 17/01/2008     L-7003 1137713 23/02/2023 23/02/2023 Libro impreso